BUBT Library Online Catalog

Complete Poems and Selected Letters of John Keats/ (Record no. 6872)

000 -LEADER
fixed length control field 00738nam a22002177a 4500
003 - CONTROL NUMBER IDENTIFIER
control field BUBTL
008 - FIXED-LENGTH DATA ELEMENTS--GENERAL INFORMATION
fixed length control field 221214b ||||| |||| 00| 0 eng d
020 ## - INTERNATIONAL STANDARD BOOK NUMBER
International Standard Book Number 9780307419354
082 ## - DEWEY DECIMAL CLASSIFICATION NUMBER
Classification number 821.7/ K224c/ 2001
100 ## - MAIN ENTRY--PERSONAL NAME
9 (RLIN) 5070
Personal name Keats, John
245 ## - TITLE STATEMENT
Title Complete Poems and Selected Letters of John Keats/
Statement of responsibility, etc. John Keats, Edward Hirsch
250 ## - EDITION STATEMENT
Edition statement 1st Edn
260 ## - PUBLICATION, DISTRIBUTION, ETC. (IMPRINT)
Place of publication, distribution, etc. New York:
Name of publisher, distributor, etc. The Modern Library,
Date of publication, distribution, etc. c2001
300 ## - PHYSICAL DESCRIPTION
Extent xxxviii, 598 p.:
Dimensions 22 cm.
505 ## - FORMATTED CONTENTS NOTE
Formatted contents note John Keats, Edward Hirsch, Complete Poems and Selected Letters of John Keats, English, English Literature
650 #0 - SUBJECT ADDED ENTRY--TOPICAL TERM
9 (RLIN) 1994
Topical term or geographic name as entry element English Literature
700 ## - ADDED ENTRY--PERSONAL NAME
9 (RLIN) 5072
Personal name Hirsch, Edward
856 ## - ELECTRONIC LOCATION AND ACCESS
Password 0
Logon 0
Link text Download
942 ## - ADDED ENTRY ELEMENTS (KOHA)
Source of classification or shelving scheme
Koha item type Books
Holdings
Withdrawn status Lost status Source of classification or shelving scheme Damaged status Not for loan Collection code Permanent location Current location Shelving location Date acquired Source of acquisition Inventory number Total Checkouts Full call number Barcode Date last seen Copy number Price effective from Koha item type
        Not For Loan Fiction Bangladesh University of Business and Technology Library Bangladesh University of Business and Technology Library English Literature Stacks 11/03/2022 Purchase 28898   821.7/ K224c/ 2001 BUBTL-200328898 12/14/2022 C-1 12/14/2022 Books

More Information About Library

Library Hours

  • Open: 9.00 am. to 9.00 pm.
  • Only Sunday: 9.00 am. to 6.00 pm.
  • Closed: Holiday

Contact to the University

Bangladesh University of Business and Technology Library

  • Mirpurl-2, 1216.
  • Phone:
  • Fax:
  • E-Mail: admin.library@bubt.edu.bd

Contact to the Library

Contact Person:

Md. Abdul Hakim Shah
Joint Librarian
PABX No:  113
Cell No: 01816332931
E-mail: official: admin.library@bubt.edu.bd
Personal: hakim.shah@bubt.edu.bd


BUBT Library

Copyright © 2021